00623nam a22001697a 450000500170000001000150001702000250003203500140005703700130007108200100008424501260009426000570022027000860027730000270036349000350039050000280042520180503104559.0 aENG-122569 a9788192234915c75.00 aEN-106101 bDBAD/PUB a954.5 aTtaditional methods of conflict resolution: ced. by Souza, Alphonsus D.bin three tribal societies of north east india / aGuwahatibNorth Eastern Social Research Centrec2011 aJagriti, (2d Floor), Arunodoi Path, GMCH Road, Christian Basti,bGuwahatie781005 a98p.c20cm.(pbk)bill. aNESRC Peace Studies Series - 4 aIt include bibilography